| 000 | 00747nam a22002177a 4500 | ||
|---|---|---|---|
| 999 |
_c35106 _d35106 |
||
| 005 | 20210602125559.0 | ||
| 010 | _aB-379480 | ||
| 020 |
_a9789812615183 _c399.00 |
||
| 020 |
_a9812615180 _c399.00 |
||
| 035 | _aB-379480 | ||
| 037 | _bUBH | ||
| 082 | _a954.16 | ||
| 100 | _aChandra, Anjana Motihar | ||
| 245 |
_aDiscover Delhi : _bthe city's history & culture redefined / _cby Anjana Motihar Chandra. |
||
| 260 |
_aSingapore : _bMarshall Cavendish Editions ; _c2008 |
||
| 270 |
_a1 New Industrial Road, _bSingapore |
||
| 300 |
_a159 p. : _bcol. ill., col. map ; _c22 cm(pbk) |
||
| 500 | _aIncludes index | ||
| 942 |
_2ddc _cEN _h954.16 _mCHA |
||